Doubling Numbers - Statistics

General Stats
  • This quiz has been taken 105 times
    84 since last reset
  • The average score is 20 of 39
Answer Stats
Doubling Answer % Correct
x2 2
100%
x2 4
100%
x2 8
98%
x2 128
96%
x2 16
96%
x2 256
96%
x2 32
96%
x2 64
96%
x2 1024
93%
x2 2048
93%
x2 4096
93%
x2 512
93%
x2 8192
85%
x2 16384
83%
x2 32768
78%
x2 65536
74%
x2 131072
63%
x2 262144
61%
x2 524288
59%
x2 1048576
54%
x2 2097152
52%
x2 4194304
48%
x2 8388608
43%
x2 16777216
30%
x2 33554432
26%
x2 67108864
24%
x2 134217728
15%
x2 1073741824
7%
x2 2147483648
7%
x2 268435456
7%
x2 4294967296
7%
x2 536870912
7%
x2 8589934592
7%
x2 17179869184
4%
x2 34359738368
4%
x2 68719476736
4%
x2 137438953472
2%
x2 274877906944
0%
x2 549755813888
0%
No matching quizzes found
Score Distribution
Percent of People with Each Score
Percentile by Number Answered
Your Score History
You have not taken this quiz since the last reset